000
00302nam a2200121Ia 4500
005
20260326235449.0
008
260326s9999||||xx |||||||||||||| ||und||
100
_a
Baker, Martha
245
4
_a
The Swimming Pool /
_c
Martha Baker
260
_b
Clarkson Potter Publishers
650
_a
PISCINAS
942
_c
BK
999
_c
7677
_d
7677